000 00897nam0a22002531 4500
001 rc\466492
005 20250621094606.0
035 _a(NLR Aleph) 005710592
090 _a7373854
_c7373854
100 _a20030616d1988 |||y0rusy50 ca
101 0 _arus
102 _aRU
105 _ay |||||||||
200 1 _aАлгебра Ли с ограниченными в совокупности рангами факторов нижнего центрального ряда
210 _aНовосибирск
_cВЦ СО АН СССР
_d1988
215 _a17 с.
_d20
225 1 _aПрепринт
_fАН СССР, Сиб. отд-ние, ВЦ
_v769
320 _aБиблиогр.: с. 17 (10 назв.)
700 1 _aЗубков
_bА.Н.
_gАлександр Николаевич
801 0 _aRU
_bNLR
_gpsbo
801 1 _aRU
_bELAR
_2rusmarc
852 _aNLR
_j89-4/1260
942 _cBOOK
980 _aNB